[Event "FRA-chT"]
[Site "France"]
[Date "1995.??.??"]
[Round "?"]
[White "Prie, Eric"]
[Black "Nuvoloni, Dominique"]
[Result "1-0"]
[WhiteElo "2480"]
[BlackElo "2255"]
[PlyCount "55"]
[EventDate "1995.??.??"]
[EventType "team"]
[EventRounds "5"]
[EventCountry "FRA"]
[SourceTitle "EXT 1997"]
[Source "ChessBase"]
[SourceDate "1996.11.15"]
[SourceVersion "1"]
[SourceVersionDate "1996.11.15"]
[SourceQuality "1"]

1. e4 e5 2. Nf3 Nf6 3. Nc3 Bb4 4. Nxe5 0-0 5. Be2 Re8 6. Nd3 Bxc3 7. dxc3 Nxe4 8. Nf4 Nf6 9. c4 d6 10. 0-0 Nc6 11. b3 Ne5 12. Bb2 Bf5 13. f3 Ng6 14. Nxg6 Bxg6 15. Qd2 Nd7 16. Rae1 b6 17. f4 f6 18. Bf3 Rc8 19. Bc6 Bf7 20. Rxe8+ Qxe8 21. Re1 Qd8 22. Re3 Nf8 23. Qe2 Ng6 24. g3 Kf8 25. Qg4 h6 26. Bd5 Bxd5 27. cxd5 Kf7 28. Qh5 1-0

[Event "Paris Apsap op"]
[Site "Paris"]
[Date "1994.??.??"]
[Round "4"]
[White "Triger, Franck"]
[Black "Nuvoloni, Dominique"]
[Result "0-1"]
[WhiteElo "2250"]
[BlackElo "2205"]
[PlyCount "110"]
[EventDate "1994.12.??"]
[EventType "swiss"]
[EventRounds "9"]
[EventCountry "FRA"]
[SourceTitle "EXT 2001"]
[Source "ChessBase"]
[SourceDate "2000.11.22"]
[SourceVersion "1"]
[SourceVersionDate "2000.11.22"]
[SourceQuality "1"]

1. e4 e5 2. Nf3 Nf6 3. Nxe5 d6 4. Nf3 Nxe4 5. d3 Nf6 6. d4 Be7 7. Bd3 Bg4 8. 0-0 0-0 9. c4 Nc6 10. Be3 d5 11. c5 Ne4 12. h3 Bh5 13. g4 Bg6 14. Bb5 f5 15. Bxc6 bxc6 16. Ne5 f4 17. Bd2 Bxc5 18. dxc5 Qh4 19. Kh2 Ng5 20. Qb3 Be4 21. Bxf4 Rxf4 22. Qg3 Qxg3+ 23. Kxg3 Raf8 24. Nd2 Bd3 25. Nxd3 Rd4 26. Ne5 Rxd2 27. f3 Ne6 28. Rf2 Rxf2 29. Kxf2 Rb8 30. Nd3 g5 31. Re1 Nf4 32. Nxf4 gxf4 33. b3 Rb5 34. Rc1 a5 35. Ke2 a4 36. Rc3 axb3 37. axb3 Kf7 38. Kd2 Kf6 39. h4 Ke5 40. Kc2 Kd4 41. h5 Ra5 42. Kd2 Ra3 43. Rd3+ Ke5 44. Kc3 Ra1 45. Rd2 Rf1 46. Rd3 Rc1+ 47. Kb4 h6 48. Rd2 Kf6 49. g5+ hxg5 50. Re2 Rf1 51. h6 Rh1 52. Re8 Rxh6 53. Rc8 g4 54. fxg4 Kg5 55. Rg8+ Rg6 0-1

[Event "Belfort op"]
[Site "Belfort"]
[Date "1992.??.??"]
[Round "5"]
[White "Ikonnikov, Vyacheslav"]
[Black "Nuvoloni, Dominique"]
[Result "1-0"]
[WhiteElo "2490"]
[BlackElo "2205"]
[PlyCount "75"]
[EventDate "1992.??.??"]
[EventType "swiss"]
[EventRounds "9"]
[EventCountry "FRA"]
[SourceTitle "EXT 1999"]
[Source "ChessBase"]
[SourceDate "1998.11.16"]
[SourceVersion "1"]
[SourceVersionDate "1998.11.16"]
[SourceQuality "1"]

1. d4 d5 2. Nf3 Nf6 3. c4 e6 4. Nc3 c6 5. Bg5 Be7 6. e3 Nbd7 7. Rc1 0-0 8. a3 Re8 9. Qc2 a6 10. cxd5 Nxd5 11. Bxe7 Qxe7 12. Nxd5 cxd5 13. Be2 b5 14. Qc7 Nf6 15. 0-0 Bb7 16. Bd3 Rac8 17. Qb6 Rxc1 18. Rxc1 Rc8 19. Rc5 Ne8 20. Ne5 f6 21. Nc6 Qc7 22. Qxc7 Rxc7 23. Na5 Bc8 24. Kf1 Kf7 25. Ke2 g6 26. Kd2 Ke7 27. Rxc7+ Nxc7 28. Kc3 e5 29. Kb4 Kd6 30. Nb3 Ne6 31. Nc5 Nd8 32. Ka5 Nc6+ 33. Kb6 exd4 34. exd4 a5 35. Nb3 b4 36. a4 Be6 37. Bb5 Nd8 38. Kxa5 1-0

[Event "Paris-ch op"]
[Site "Paris"]
[Date "1992.??.??"]
[Round "8"]
[White "Nuvoloni, Dominique"]
[Black "Giacomazzi, Dominique"]
[Result "1/2-1/2"]
[WhiteElo "2205"]
[BlackElo "2245"]
[PlyCount "120"]
[EventDate "1992.04.??"]
[EventType "swiss"]
[EventRounds "9"]
[EventCountry "FRA"]
[SourceTitle "EXT 1997"]
[Source "ChessBase"]
[SourceDate "1996.11.15"]
[SourceVersion "1"]
[SourceVersionDate "1996.11.15"]
[SourceQuality "1"]

1. d4 Nf6 2. Nf3 g6 3. e3 Bg7 4. Be2 0-0 5. 0-0 d6 6. b3 c5 7. c4 cxd4 8. exd4 Nbd7 9. Bb2 a6 10. Nc3 Re8 11. d5 Ne4 12. Nd4 Nxc3 13. Bxc3 Nf6 14. Bf3 Bd7 15. a4 Qc7 16. Qd2 Rac8 17. h3 e5 18. dxe6 fxe6 19. Rfd1 e5 20. Nc2 b5 21. axb5 axb5 22. Ne3 bxc4 23. Nxc4 e4 24. Be2 d5 25. Bxf6 Bxf6 26. Ra6 Bc6 27. Na5 e3 28. fxe3 Bg5 29. Rxc6 Qxc6 30. Nxc6 Bxe3+ 31. Qxe3 Rxe3 32. Bf3 Rxc6 33. Bxd5+ Rce6 34. Rb1 Kf7 35. b4 Ke7 36. Bxe6 Kxe6 37. b5 Kd7 38. b6 Kc8 39. Kf2 Re7 40. b7+ Kb8 41. Rb3 Rc7 42. Kf3 Rc5 43. g3 Rc4 44. h4 Rc5 45. Re3 Rf5+ 46. Kg2 Rf7 47. Rb3 Rc7 48. Rb4 Rc5 49. Kf3 Rc3+ 50. Kf4 Rc5 51. g4 h5 52. g5 Rf5+ 53. Kg3 Ra5 54. Kf3 Rf5+ 55. Rf4 Ra5 56. Rf6 Ra4 57. Rxg6 Rxh4 58. Rg7 Rg4 59. g6 Ka7 60. Kf2 Kb8 1/2-1/2

[Event "Torcy op-A"]
[Site "Torcy"]
[Date "1991.??.??"]
[Round "?"]
[White "Arino, Franck"]
[Black "Nuvoloni, Dominique"]
[Result "1-0"]
[WhiteElo "2060"]
[BlackElo "2240"]
[PlyCount "69"]
[EventDate "1991.04.??"]
[EventType "swiss"]
[EventRounds "9"]
[EventCountry "FRA"]
[SourceTitle "TD"]
[Source "ChessBase"]
[SourceDate "1994.03.01"]
[SourceVersion "1"]
[SourceVersionDate "1994.03.01"]
[SourceQuality "1"]

1. d4 Nf6 2. c4 e6 3. Nf3 d5 4. Nc3 c6 5. Bg5 Nbd7 6. e3 Qa5 7. Bxf6 Nxf6 8. Nd2 Bb4 9. Qc2 0-0 10. Bd3 b5 11. c5 e5 12. dxe5 Ng4 13. Nb3 Bxc3+ 14. bxc3 Qc7 15. f4 Nxe3 16. Qe2 Nc4 17. 0-0 Bd7 18. Rae1 Rae8 19. Qh5 g6 20. Qh6 f5 21. Bxc4 dxc4 22. Nd4 Be6 23. Nxe6 Rxe6 24. Rd1 Rd8 25. Rd6 Rdxd6 26. cxd6 Qb6+ 27. Kh1 b4 28. d7 Qd8 29. Rd1 a5 30. Qg5 Re7 31. Qxe7 Qxe7 32. d8Q+ Qxd8 33. Rxd8+ Kf7 34. a4 g5 35. g3 1-0

[Event "FRA-chT"]
[Site "France"]
[Date "1991.??.??"]
[Round "?"]
[White "Lejeune, Jean Pierre"]
[Black "Nuvoloni, Dominique"]
[Result "1-0"]
[WhiteElo "2380"]
[BlackElo "2240"]
[PlyCount "37"]
[EventDate "1991.??.??"]
[EventType "team"]
[EventRounds "12"]
[EventCountry "FRA"]
[SourceTitle "TD"]
[Source "ChessBase"]
[SourceDate "1994.03.01"]
[SourceVersion "1"]
[SourceVersionDate "1994.03.01"]
[SourceQuality "1"]

1. e4 e5 2. Nf3 Nf6 3. Nxe5 Nxe4 4. d4 d5 5. Nd2 Bf5 6. Qf3 Nd6 7. c4 f6 8. c5 fxe5 9. cxd6 Be6 10. Qh5+ g6 11. Qxe5 Qxd6 12. Qxh8 Nd7 13. Bd3 0-0-0 14. 0-0 Be7 15. Qg7 Nf6 16. Nf3 Ng4 17. Bf4 Qd7 18. Ne5 Qd6 19. Nxg6 1-0

[Event "Paris-ch op"]
[Site "Paris"]
[Date "1991.??.??"]
[Round "8"]
[White "Nuvoloni, Dominique"]
[Black "Bouchaud, Vincent"]
[Result "1-0"]
[WhiteElo "2240"]
[BlackElo "2100"]
[PlyCount "51"]
[EventDate "1991.05.??"]
[EventType "swiss"]
[EventRounds "9"]
[EventCountry "FRA"]
[SourceTitle "TD"]
[Source "ChessBase"]
[SourceDate "1994.03.01"]
[SourceVersion "1"]
[SourceVersionDate "1994.03.01"]
[SourceQuality "1"]

1. d4 Nf6 2. Nf3 e6 3. e3 b6 4. Bd3 Bb7 5. Nbd2 d5 6. Qe2 c5 7. c3 Nc6 8. 0-0 Be7 9. e4 cxd4 10. cxd4 dxe4 11. Nxe4 Nxd4 12. Nxd4 Qxd4 13. Be3 Qe5 14. f4 Qa5 15. Nxf6+ gxf6 16. Bb5+ Kf8 17. f5 h5 18. fxe6 a6 19. Bc4 fxe6 20. Bxe6 Qe5 21. Bh6+ Ke8 22. Bf7+ Kd7 23. Rad1+ Bd6 24. Rxd6+ Qxd6 25. Rd1 Rxh6 26. Qe6+ 1-0

[Event "Paris-ch op"]
[Site "Paris"]
[Date "1991.??.??"]
[Round "5"]
[White "Nuvoloni, Dominique"]
[Black "Decroix, Roger"]
[Result "0-1"]
[WhiteElo "2240"]
[BlackElo "2180"]
[PlyCount "105"]
[EventDate "1991.05.??"]
[EventType "swiss"]
[EventRounds "9"]
[EventCountry "FRA"]
[SourceTitle "TD"]
[Source "ChessBase"]
[SourceDate "1994.03.01"]
[SourceVersion "1"]
[SourceVersionDate "1994.03.01"]
[SourceQuality "1"]

1. d4 Nf6 2. Nf3 c5 3. c3 e6 4. Bg5 cxd4 5. Nxd4 Be7 6. Nd2 d5 7. e3 0-0 8. Bd3 Re8 9. Qc2 Nbd7 10. 0-0 e5 11. Nf5 Bf8 12. e4 Qb6 13. exd5 Nxd5 14. Rae1 N7f6 15. Qa4 Bd7 16. Qh4 Bxf5 17. Bxf5 g6 18. Nc4 Qc7 19. Ne3 Bg7 20. c4 Nxe3 21. fxe3 Nh5 22. Qh3 Qxc4 23. Bd7 Rf8 24. g4 Nf4 25. Qf3 Nd3 26. Re2 e4 27. Qg2 Qd5 28. Be7 Qxd7 29. Bxf8 Rxf8 30. Qxe4 Re8 31. Qg2 Ne5 32. h3 b5 33. b3 a5 34. Rd2 Qa7 35. Qe4 a4 36. Kf2 a3 37. Rfd1 Qe7 38. Qf4 Qh4+ 39. Qg3 Qxg3+ 40. Kxg3 Nc6 41. Rc1 Rxe3+ 42. Kf4 Rc3 43. Re1 h5 44. Re8+ Kh7 45. Rd7 Rc2 46. gxh5 gxh5 47. Rd5 Rxa2 48. Rxh5+ Bh6+ 49. Kg4 b4 50. Rc5 Nd4 51. Kh5 Re2 52. Ra8 Nxb3 53. Rh8+ 0-1

[Event "Torcy op-A"]
[Site "Torcy"]
[Date "1991.??.??"]
[Round "?"]
[White "Nuvoloni, Dominique"]
[Black "Frank, Albert"]
[Result "1/2-1/2"]
[WhiteElo "2240"]
[BlackElo "2050"]
[PlyCount "100"]
[EventDate "1991.04.??"]
[EventType "swiss"]
[EventRounds "9"]
[EventCountry "FRA"]
[SourceTitle "TD"]
[Source "ChessBase"]
[SourceDate "1994.03.01"]
[SourceVersion "1"]
[SourceVersionDate "1994.03.01"]
[SourceQuality "1"]

1. d4 c6 2. e3 d5 3. Bd3 Nd7 4. Nf3 Qc7 5. Nbd2 Ngf6 6. 0-0 g6 7. b3 Bg7 8. Ba3 0-0 9. Bxe7 Re8 10. Bxf6 Nxf6 11. c4 Ne4 12. Qc2 Qe7 13. Rac1 Bf5 14. Rfd1 Nxf2 15. Kxf2 Qxe3+ 16. Kg3 Bxd3 17. Qc3 Bh6 18. Re1 Bf4+ 19. Kh3 Bf5+ 20. g4 Qxc3 21. Rxe8+ Rxe8 22. Rxc3 Bd7 23. Kh4 Re2 24. Nf1 Rxa2 25. cxd5 cxd5 26. Ne5 Bb5 27. Nd3 Bxh2 28. Nb4 Rb2 29. Nxd5 Bxf1 30. g5 f6 31. Nxf6+ Kf7 32. Ng4 Bd6 33. Rf3+ Ke7 34. Rxf1 Rxb3 35. Nf6 a5 36. Nxh7 a4 37. Nf8 a3 38. Nxg6+ Kd8 39. Ne5 Bxe5 40. dxe5 a2 41. Ra1 Rb2 42. Kg3 b5 43. g6 Ke7 44. e6 Kf6 45. Rf1+ Kxg6 46. e7 Re2 47. Rf2 Rxe7 48. Rxa2 b4 49. Kf4 Re6 50. Rb2 Rb6 1/2-1/2

[Event "FRA-chT"]
[Site "France"]
[Date "1991.??.??"]
[Round "?"]
[White "Nuvoloni, Dominique"]
[Black "Levacic, Damir"]
[Result "0-1"]
[WhiteElo "2240"]
[BlackElo "2400"]
[PlyCount "46"]
[EventDate "1991.??.??"]
[EventType "team"]
[EventRounds "12"]
[EventCountry "FRA"]
[SourceTitle "TD"]
[Source "ChessBase"]
[SourceDate "1994.03.01"]
[SourceVersion "1"]
[SourceVersionDate "1994.03.01"]
[SourceQuality "1"]

1. d4 Nf6 2. Nf3 e6 3. e3 b6 4. Bd3 Bb7 5. Nbd2 c5 6. 0-0 Be7 7. b3 Nc6 8. a3 cxd4 9. exd4 Nd5 10. c4 Nf4 11. Bc2 d5 12. Nb1 Ng6 13. cxd5 Qxd5 14. Nc3 Qh5 15. Ne4 Rd8 16. Be3 Nh4 17. Nxh4 Qxh4 18. f3 f5 19. Bf2 Qh6 20. Ng3 Nxd4 21. Bxd4 Rxd4 22. Qe1 Bc5 23. b4 Qxh2+ 0-1

[Event "FRA-chT"]
[Site "France"]
[Date "1990.??.??"]
[Round "?"]
[White "Nuvoloni, Dominique"]
[Black "Berthelot, Yannick"]
[Result "0-1"]
[WhiteElo "2240"]
[BlackElo "2320"]
[PlyCount "33"]
[EventDate "1990.??.??"]
[EventType "team"]
[EventRounds "11"]
[EventCountry "FRA"]
[SourceTitle "EXT 2007"]
[Source "ChessBase"]
[SourceDate "2006.11.23"]
[SourceVersion "1"]
[SourceVersionDate "2006.11.23"]
[SourceQuality "1"]

1. d4 Nf6 2. Nf3 g6 3. e3 Bg7 4. Be2 0-0 5. 0-0 d5 6. b4 b6 7. Bb2 Ne4 8. c4 c5 9. Nc3 Nxc3 10. Bxc3 dxc4 11. bxc5 bxc5 12. Qa4 Bb7 13. Ne5 cxd4 14. Bxd4 Qc7 15. Nf3 Bxd4 16. Nxd4 Nd7 17. Qxc4 0-1

[Event "Paris op-1"]
[Site "Paris"]
[Date "1989.??.??"]
[Round "?"]
[White "Nuvoloni, Dominique"]
[Black "Nemety, Laszlo"]
[Result "0-1"]
[WhiteElo "2060"]
[BlackElo "2210"]
[PlyCount "56"]
[EventDate "1989.??.??"]
[EventType "swiss"]
[EventRounds "9"]
[EventCountry "FRA"]
[SourceTitle "TD"]
[Source "ChessBase"]
[SourceDate "1994.03.01"]
[SourceVersion "1"]
[SourceVersionDate "1994.03.01"]
[SourceQuality "1"]

1. d4 d5 2. Nf3 e6 3. e3 Ne7 4. c4 g6 5. Bd2 Bg7 6. Na3 c5 7. Bc3 Nbc6 8. g3 dxc4 9. dxc5 Bxc3+ 10. bxc3 Qa5 11. Nxc4 Qxc3+ 12. Nfd2 Ne5 13. Rc1 Nd3+ 14. Bxd3 Qxd3 15. Nd6+ Kf8 16. Qa4 Kg7 17. Ne8+ Rxe8 18. Qxe8 Bd7 19. Qxa8 Bb5 20. Nc4 Nc6 21. Qxb7 Ne5 22. f4 Nxc4 23. Rxc4 Qxe3+ 24. Kd1 Qd3+ 25. Ke1 Qxc4 26. Qf3 Qxc5 27. Kd2 Bc6 28. Rc1 Qxc1+ 0-1